000 00322nam a2200145Ia 4500
005 20251222151329.0
008 251222s9999||||xx |||||||||||||| ||spa||
020 _a8430604170
082 _a121/S56
100 _aSimone, Raffaele
245 0 _aLa Tercera Fase:
250 _a1ra. ed.
264 _bTaurus
942 _cLIB
999 _c24010
_d24010